000 00429 a2200181 4500
003 OSt
005 20180116182748.0
008 160615b xxu||||| |||| 00| 0 eng d
020 _a0
040 _c0
082 _a658.4519 PAT 1989
100 _aThomas E
245 _aThe American Democracy
_cThomas E
250 _aElection Ed
260 _aIslamabad
_c1989
300 _a623 p.
_bHB
942 _aNBS
_cBK
_k658.4519 PAT
_2ddc
999 _c345558
_d345558